Music Quiz

Random Music Quiz

Cha-Cha Slide Dance Moves Quiz Stats

 Plays Quiz not verified by Sporcle

Score 0/29 Timer 05:00
0 Plays Today
Dance Moves (in order - repeats ommited) % Correct
Cha cha real smooth
78%
Take it back now
72.5%
To the left
70.9%
One hop this time
69.8%
To the right
68.7%
Slide to the left
68.7%
Slide to the right
67%
Clap your hands
65.4%
Charlie Brown!
65.4%
Criss cross
63.7%
Two hops this time
63.7%
Reverse!
48.9%
Right foot let's stomp
46.2%
Left foot let's stomp
46.2%
Five hops this time
42.3%
Dance Moves (in order - repeats ommited) % Correct
Turn it out
37.9%
Hands on your knees
36.8%
FREEZE!
34.6%
Get funky
28%
Bring it to the top like you're never gonna stop
26.9%
Go down low
24.2%
Left foot two stomps
22.5%
Right foot two stomps
22%
Let's go to work
19.2%
Left foot again
12.1%
Right foot again
11.5%
Do the basic steps
6%
Hop it out now
4.4%
Do that stuff
3.8%

You're not logged in!

Compare scores with friends on all Sporcle quizzes.
OR
Log In

Show Comments

Extras

Created Nov 27, 2010ReportNominate
Tags:dance, djs, slide

Top Quizzes Today


Score Distribution

Your Account Isn't Verified!

In order to create a playlist on Sporcle, you need to verify the email address you used during registration. Go to your Sporcle Settings to finish the process.

Report this User

Report this user for behavior that violates our Community Guidelines.

Details: